000 00701nam a2200241 a 4500
001 BRCA_6550
005 20190320205511.0
008 290911s1979----mx-a######---#000-0#spa-#
020 _a9685826447
041 _aspa
044 _amx
050 4 _aNX180
_b.M45 1979
100 1 _aMendieta y Núñez, Lucio
_916343
245 1 0 _aSociología del arte
_cLucio Mendieta y Núñez.
250 _a2
260 _aMéxico
_bUNAM, Instituto de Investigaciones Sociales
_c1979
300 _ax, 257 p.
_bil. (algunas a color)
_c24 cm.
500 _aTraducción de: Sociologie der L´unst
500 _aDonación Dra. Elsa Barberena
650 1 4 _aArte y sociedad
_91426
902 _aDEB
942 _2lcc
_cB
999 _c6234
_d6234